000 00569nam a2200193Ia 4500
005 20250508160059.0
008 008 250505s9999 xx 000 0 eng d
037 _aTextual
040 _aFEDL
_beng
_cFEDL
041 _aeng
_2eng
084 _a373.7304, CHA
_qFEDL
100 _aChase Francis S Ed.
_9764246
245 0 _aHigh school in a New Era
260 _aChicago, USA
_bThe University of Chicago Press
_c1958
300 _axiv,465p
700 _a Anderson Harold A Ed.
_9767917
942 _cTEXL
_h373.7304, CHA
999 _c1361553
_d1361553